KOHA-Header-6

ول ڈیورانٹ اور ایریل ڈیورانٹ کی آپ بیتی (Record no. 13613)

000 -LEADER
fixed length control field 00459nam a22001337a 4500
082 ## - DEWEY DECIMAL CLASSIFICATION NUMBER
Classification number 808.84
Item number و ل ڈ
100 ## - MAIN ENTRY--AUTHOR NAME
Personal name ول ڈیورانٹ
245 ## - TITLE STATEMENT
Title ول ڈیورانٹ اور ایریل ڈیورانٹ کی آپ بیتی
260 ## - PUBLICATION, DISTRIBUTION, ETC. (IMPRINT)
Place of publication لاہور
Name of publisher فکشن ہاؤس
Year of publication ٢٠٠٢
300 ## - PHYSICAL DESCRIPTION
Number of Pages ٦٠٨ صفحات
650 ## - SUBJECT ADDED ENTRY--TOPICAL TERM
Topical Term Aap Beeti, Autobiography, Wil Deorant, Aeril Deorant, Saud Ul Hassan Khan
700 ## - ADDED ENTRY--PERSONAL NAME
Personal name سعود الحسن خان
942 ## - ADDED ENTRY ELEMENTS (KOHA)
Koha item type Books
Holdings
Withdrawn status Lost status Collection code Permanent Location Current Location Shelving location Date acquired Full call number Accession Number Koha item type
    Urdu Literature MAJU MAJU Shelf No.A11 2022-12-23 808.84 و ل ڈ 10720 Books

Powered by Koha